Tinh hoa văn học dân gian người Việt

Gespeichert in:
Bibliographische Detailangaben
1. Verfasser: Nguyễn, Xuân Kính
Format: Buch
Sprache:Undetermined
Veröffentlicht: Hà Nội Khoa học - Xã hội 2009
Schlagworte:
Tags: Tag hinzufügen
Keine Tags, Fügen Sie den ersten Tag hinzu!
Thư viện lưu trữ: Trung tâm Học liệu Trường Đại học Cần Thơ
LEADER 00712nam a2200205Ia 4500
001 CTU_147819
008 210402s9999 xx 000 0 und d
020 |c 30000 
082 |a 398.99592 
082 |b K312/Q1 
100 |a Nguyễn, Xuân Kính 
245 0 |a Tinh hoa văn học dân gian người Việt 
245 0 |c Nguyễn Xuân Kính ( chủ biên ), Phan Lan Hương ; Cao Thị Hải ... [ et al. ] 
260 |a Hà Nội 
260 |b Khoa học - Xã hội 
260 |c 2009 
650 |a Folk literature, vietnamese,Văn học dân gian Việt Nam 
650 |x Proverbs,Tục ngữ 
904 |i Qhieu 
980 |a Trung tâm Học liệu Trường Đại học Cần Thơ